| 000 | 00777nam a2200229 a 4500 | ||
|---|---|---|---|
| 001 | 51850 | ||
| 003 | BD-RjUL | ||
| 005 | 20211209075723.0 | ||
| 008 | 160904s1972 ii ac b 001 0 eng | ||
| 035 | _a(BD-RjUL) | ||
| 040 |
_aDLC _cDLC _dDLC _dBD-RjUL _beng |
||
| 041 | _aeng | ||
| 082 | 0 | 0 |
_a364 _223 _bVEL 1972 |
| 100 | 1 |
_aVenkaiah, D. _9155104 |
|
| 245 | 1 | 0 |
_aLaw of prints and impressions: finger, thumb, palm, foot, etc. : _bwith blocks, illustrations, photos, sketches and diagrams / _cD. Venkaiah. With a foreword by M. B. Niyogi. |
| 260 |
_aAllahabad : _bLaw Book Co., _c1969 [1972] |
||
| 300 |
_axii, 188 p. : _bill. ; _c25 cm. |
||
| 504 | _aIncludes bibliography and index. | ||
| 650 | 0 |
_aCriminology _9155105 |
|
| 650 | 0 |
_aIdentification. _9155106 |
|
| 942 |
_2ddc _cBK |
||
| 999 |
_c51850 _d51850 |
||